| 000 | 00776nam a2200289Ia 4500 | ||
|---|---|---|---|
| 008 | 170712s9999 xx 000 0 und d | ||
| 020 | _a9710869159 | ||
| 050 | _a384.54 | ||
| 050 | _bE288 2008 | ||
| 100 | _aEgargo, Fernando N. | ||
| 245 | _aCommunity radio broadcasting in the Philippines / | ||
| 245 | _cby Fernando N. Egargo. | ||
| 260 | _aPhilippines : | ||
| 260 | _bNational Book Store, | ||
| 260 | _c2008 | ||
| 300 | _a206 pages : | ||
| 300 | _billustrations ; | ||
| 300 | _c22cm. | ||
| 500 | _aIncludes bibliography. | ||
| 650 | _aLocal mass media -- | ||
| 650 | _aRadio broadcasting -- | ||
| 650 | _aRadio broadcasting -- | ||
| 650 | _aTitle. | ||
| 650 | _xPhilippines -- Social aspects. | ||
| 650 | _xPhilippines. | ||
| 650 | _xPhilippines. | ||
| 999 |
_c340320 _d340320 |
||